<?xml version="1.0" encoding="UTF-8"?>
<record
    xmlns:xsi="http://www.w3.org/2001/XMLSchema-instance"
    xsi:schemaLocation="http://www.loc.gov/MARC21/slim http://www.loc.gov/standards/marcxml/schema/MARC21slim.xsd"
    xmlns="http://www.loc.gov/MARC21/slim">

  <leader>00785nam a22002537a 4500</leader>
  <controlfield tag="003">DO-SdBNP</controlfield>
  <controlfield tag="005">20211206122208.0</controlfield>
  <controlfield tag="007">ta</controlfield>
  <controlfield tag="008">211206b200?       a|||c |||| 00| 0 spa d</controlfield>
  <datafield tag="020" ind1=" " ind2=" ">
    <subfield code="a">9993491756</subfield>
  </datafield>
  <datafield tag="040" ind1=" " ind2=" ">
    <subfield code="a">DO-SdBNP</subfield>
    <subfield code="b">spa</subfield>
    <subfield code="c">BNPHU</subfield>
  </datafield>
  <datafield tag="082" ind1="4" ind2=" ">
    <subfield code="2">22</subfield>
    <subfield code="a">372.634</subfield>
    <subfield code="b">C153</subfield>
  </datafield>
  <datafield tag="245" ind1="1" ind2="0">
    <subfield code="a">Caligraf&#xED;a cursiva actual 2 /</subfield>
    <subfield code="c">ilus. Alejandro Juzgado</subfield>
  </datafield>
  <datafield tag="260" ind1=" " ind2=" ">
    <subfield code="a">Santo Domingo : </subfield>
    <subfield code="b">Actualidad Escolar 2000,</subfield>
    <subfield code="c">[2000?].</subfield>
  </datafield>
  <datafield tag="300" ind1=" " ind2=" ">
    <subfield code="a">31 p. : </subfield>
    <subfield code="b">il. ; </subfield>
    <subfield code="c">27 cm</subfield>
  </datafield>
  <datafield tag="490" ind1=" " ind2=" ">
    <subfield code="a">Actualidad Escolar 2000,</subfield>
  </datafield>
  <datafield tag="590" ind1=" " ind2=" ">
    <subfield code="a">Inventariado, 2021 / SA</subfield>
  </datafield>
  <datafield tag="650" ind1="4" ind2="0">
    <subfield code="9">34971</subfield>
    <subfield code="a">Caligraf&#xED;a</subfield>
  </datafield>
  <datafield tag="650" ind1="4" ind2="0">
    <subfield code="9">30847</subfield>
    <subfield code="a">Caligraf&#xED;a</subfield>
    <subfield code="x">Estudio y  Ense&#xF1;anza</subfield>
  </datafield>
  <datafield tag="700" ind1=" " ind2="0">
    <subfield code="9">74437</subfield>
    <subfield code="a">Juzgado, Alejandro</subfield>
    <subfield code="e">ilustrador</subfield>
  </datafield>
  <datafield tag="700" ind1=" " ind2="0">
    <subfield code="a">Gallegos, Mar&#xED;a E.</subfield>
    <subfield code="e">Correcci&#xF3;n</subfield>
    <subfield code="9">80823</subfield>
  </datafield>
  <datafield tag="910" ind1=" " ind2=" ">
    <subfield code="a">Saquino</subfield>
  </datafield>
  <datafield tag="942" ind1=" " ind2=" ">
    <subfield code="2">ddc</subfield>
    <subfield code="c">LF2</subfield>
  </datafield>
  <datafield tag="952" ind1=" " ind2=" ">
    <subfield code="0">0</subfield>
    <subfield code="1">0</subfield>
    <subfield code="2">ddc</subfield>
    <subfield code="5">1</subfield>
    <subfield code="7">0</subfield>
    <subfield code="8">MO</subfield>
    <subfield code="a">BNPHU</subfield>
    <subfield code="b">PD</subfield>
    <subfield code="c">CT</subfield>
    <subfield code="d">2008-11-06</subfield>
    <subfield code="e">Deposito Legal</subfield>
    <subfield code="l">0</subfield>
    <subfield code="o">BNPHU PD 372.634 C153</subfield>
    <subfield code="p">2021-28511</subfield>
    <subfield code="r">2021-12-06</subfield>
    <subfield code="w">2021-12-06</subfield>
    <subfield code="y">LF2</subfield>
    <subfield code="z">S/A</subfield>
  </datafield>
  <datafield tag="952" ind1=" " ind2=" ">
    <subfield code="0">0</subfield>
    <subfield code="1">0</subfield>
    <subfield code="2">ddc</subfield>
    <subfield code="5">7</subfield>
    <subfield code="7">0</subfield>
    <subfield code="8">MO</subfield>
    <subfield code="a">BNPHU</subfield>
    <subfield code="b">PD</subfield>
    <subfield code="c">CT</subfield>
    <subfield code="d">2008-11-06</subfield>
    <subfield code="e">Deposito Legal</subfield>
    <subfield code="l">0</subfield>
    <subfield code="o">BNPHU PD 372.634 C153</subfield>
    <subfield code="p">2021-28512</subfield>
    <subfield code="r">2021-12-06</subfield>
    <subfield code="t">e.2</subfield>
    <subfield code="w">2021-12-06</subfield>
    <subfield code="y">LF2</subfield>
    <subfield code="z">S/A</subfield>
  </datafield>
  <datafield tag="999" ind1=" " ind2=" ">
    <subfield code="c">51105</subfield>
    <subfield code="d">51105</subfield>
  </datafield>
</record>
